| Tag |
First Indicator |
Second Indicator |
Subfields |
| LEADER |
00000pam a2200000 a 4500 |
| 001 |
in00000092481 |
| 005 |
20151008064228.0 |
| 008 |
800528s1980 nyua b 00110 engm |
| 010 |
|
|
|a 80007830
|
| 020 |
|
|
|a 0060908173 (pbk.) :
|c $6.95
|
| 035 |
|
|
|a (OCoLC)06420753
|
| 035 |
|
|
|9 AAK3781AM
|
| 040 |
|
|
|a DLC
|c DLC
|d m.c.
|d TXA
|d UtOrBLW
|
| 049 |
|
|
|a TXAM
|c [1502316]
|
| 050 |
0 |
0 |
|a GV191.64
|b .G34 1980
|
| 082 |
0 |
|
|a 613.6/9
|
| 100 |
1 |
|
|a Galland, China.
|
| 245 |
1 |
0 |
|a Women in the wilderness /
|c China Galland.
|
| 250 |
|
|
|a 1st ed.
|
| 264 |
|
1 |
|a New York :
|b Harper & Row,
|c [1980]
|
| 264 |
|
4 |
|c ©1980
|
| 300 |
|
|
|a 161 pages :
|b illustrations ;
|c 28 cm.
|
| 336 |
|
|
|a text
|b txt
|2 rdacontent
|
| 337 |
|
|
|a unmediated
|b n
|2 rdamedia
|
| 338 |
|
|
|a volume
|b nc
|2 rdacarrier
|
| 490 |
0 |
|
|a Harper colophon books ;
|v CN 817
|
| 500 |
|
|
|a Includes index.
|
| 504 |
|
|
|a Bibliography: pages [157]-158.
|
| 650 |
|
0 |
|a Outdoor recreation for women.
|
| 999 |
|
|
|a MARS
|
| 999 |
f |
f |
|s c18a05ce-0412-3ca5-ac82-bb81c80b8d13
|i 4b498c21-569c-3c9a-bc61-a8c9e0f1543d
|t 0
|
| 952 |
f |
f |
|p ric
|a Texas A&M University
|b Rellis Campus
|c Joint Library Facility
|d Remote Storage
|t 0
|e GV191.64 .G34 1980
|h Library of Congress classification
|i unmediated -- volume
|m A14806115517
|
| 998 |
f |
f |
|a GV191.64 .G34 1980
|t 0
|l Remote Storage
|